Electrical engineering problems with solutions / (Record no. 190914)

000 -LEADER
fixed length control field 00737 a2200157 4500
003 - CONTROL NUMBER IDENTIFIER
control field Nust
005 - DATE AND TIME OF LATEST TRANSACTION
control field 20221024144013.0
040 ## - CATALOGING SOURCE
Transcribing agency Nust
082 ## - DEWEY DECIMAL CLASSIFICATION NUMBER
Classification number 621.3,BEN
100 ## - MAIN ENTRY--PERSONAL NAME
Personal name Benson, F.A.
9 (RLIN) 41142
245 ## - TITLE STATEMENT
Title Electrical engineering problems with solutions /
Statement of responsibility, etc. F.A. Benson
260 ## - PUBLICATION, DISTRIBUTION, ETC.
Place of publication, distribution, etc. New Delhi
Name of publisher, distributor, etc. Asia
Date of publication, distribution, etc. 1961
300 ## - PHYSICAL DESCRIPTION
Extent viii, 236 P.
505 ## - FORMATTED CONTENTS NOTE
Formatted contents note Problems (Page-1-59), Electrolysis (Page-3), Electromagnetism (Page-3-9 25-6 29-33), Resistance Instruments Energy and Power (Page-4-7-10-16), DC Circuits Analysis (Page7-19), D.C Machines (Page-33-40), Alternating Currents (Page-41-51), Transformers (Page-52-3), Electron Motion in Fields Thermionic Values and Value Circuits (Page-53-9), Solutions (Page-63-232).
942 ## - ADDED ENTRY ELEMENTS (KOHA)
Source of classification or shelving scheme
Koha item type Book
Holdings
Withdrawn status Lost status Source of classification or shelving scheme Damaged status Not for loan Permanent Location Current Location Shelving location Date acquired Full call number Barcode Date last seen Price effective from Koha item type Public note
          Military College of Signals (MCS) Military College of Signals (MCS) General Stacks 12/12/2016 621.3,BEN MCS5318 12/08/2016 12/12/2016 Book Almirah No.27, Shelf No.6
          Military College of Signals (MCS) Military College of Signals (MCS) General Stacks 12/12/2016 621.3,BEN MCS6227 12/08/2016 12/12/2016 Book Almirah No.27, Shelf No.6
          Military College of Signals (MCS) Military College of Signals (MCS) General Stacks 12/12/2016 621.3,BEN MCS6365 12/08/2016 12/12/2016 Book Almirah No.27, Shelf No.6
© 2023 Central Library, National University of Sciences and Technology. All Rights Reserved.